01232nam a2200313Ia 4500001001200000003000800012006001900020007001500039008004100054010001700095020001500112020001500127020001800142040002100160035002100181050002600202100003000228245013000258260004800388300002500436504006600461533015200527650003000679650002000709655002900729710001700758856012600775999001700901ebr10279087CaPaEBRm u cr cn|||||||||940422s1995 nyua sb 001 0 eng d z 94018639  z0195065891 z0195095022 z9780195095029 aCaPaEBRcCaPaEBR a(OCoLC)43582409514aBF720.M69bG65 1995eb1 aGoldfield, Eugene Curtis.10aEmergent formsh[electronic resource] :borigins and early development of human action and perception /cEugene C. Goldfield. aNew York :bOxford University Press,c1995. axiii, 369 p. :bill. aIncludes bibliographical references (p. 331-351) and indexes. aElectronic reproduction.bPalo Alto, Calif. :cebrary,d2009.nAvailable via World Wide Web.nAccess may be limited to ebrary affiliated libraries. 0aMotor ability in infants. 0aIntentionalism. 7aElectronic books.2local2 aebrary, Inc.40uhttp://site.ebrary.com/lib/rucke/Doc?id=10279087zAn electronic book accessible through the World Wide Web; click to view c19302d19302